Chicago 'L' Subway - Red Line - Statistics

General Stats
  • This quiz has been taken 63 times
  • The average score is 22 of 33
Answer Stats
Answer % Correct
95th/Dan Ryan
93%
Howard
86%
Belmont
81%
Chicago
79%
North/Clyburn
76%
Sox-35th
76%
Addison
74%
Roosevelt
74%
Sheridan
74%
Lake
71%
Wilson
71%
Grand
69%
Jackson
69%
63rd
67%
Fullerton
67%
87th
64%
Argyle
64%
Clark/Division
64%
Lawrence
64%
47th
62%
79th
62%
Bryn Mawr
62%
Cermak-Chinatown
62%
Loyola
62%
Monroe
62%
Jarvis
60%
69th
57%
Berwyn
52%
Garfield
52%
Morse
52%
Granville
50%
Thorndale
50%
Harrison
45%
No matching quizzes found
Score Distribution
Percent of People with Each Score
Percentile by Number Answered
Your Score History
You have not taken this quiz